LEADER 04487 am 2200913 n 450 001 9910629396703321 005 20210709 010 $a2-7351-2603-X 024 7 $a10.4000/books.editionsmsh.41585 035 $a(CKB)5590000001000990 035 $a(FrMaCLE)OB-editionsmsh-41585 035 $a(oapen)https://directory.doabooks.org/handle/20.500.12854/95057 035 $a(PPN)266362834 035 $a(EXLCZ)995590000001000990 100 $a20221116j|||||||| ||| 0 101 0 $afre 135 $auu||||||m|||| 181 $ctxt$2rdacontent 182 $cc$2rdamedia 183 $acr$2rdacarrier 200 10$aNécropoles et société au premier âge du Fer $eLe tumulus de Courtesoult (Haute-Saône) /$fJean-François Piningre 210 $aParis $cÉditions de la Maison des sciences de l?homme$d2021 215 $a1 online resource (224 p.) 225 1 $aDocuments d?archéologie française 311 $a2-7351-0614-4 330 $aUne vaste campagne de fouille a permis de sauver de la destruction un tumulus gaulois à Courtesoult (Haute-Saône), Ces recherches ont mis en évidence deux étapes principales de construction et d?utilisation du monument qui comprenait 45 sépultures. Ces dernières ont fait l?objet d?études anthropologique et paléodémographique détaillées. L?analyse typologique du mobilier, composé pour l?essentiel de parures (fibules, bracelets, agrafes de ceintures, perles de corail...) permet de proposer une datation échelonnée entre le Hallstatt D1 et La Tène A. Les données de Courtesoult, confrontées à celles d?autres nécropoles telles que Gy, Mantoche ou Savoyeux, viennent préciser l?évolution du comportement funéraire au premier âge du Fer entre Jura et Bourgogne, région qui n?avait pas donné lieu à des études récentes sur cette période. A large campaign of excavations has saved the gaulish tumulus of Courtesoult (Haute-Saône) from destruction. These researches have put into evidence two main phases of construction and use of the monument which includes 45 tombs. These have been the subject of detailed anthropological and palaeodentographical studies. The typological analysis of the small finds, mainly composed of dress items (brooches, bracelets, belt hooks, coral beads), gives a date ranging from the Hallstatt D1 to the La Tène A period. The data From Courtesoult can be put up against that of other burial sites, such as Gy, Mantoche or Savoyeux. It gives further details concerning the evolution of funeral practices from the first Iron Age in the region between the Jura and Burgundy. This area had hitherto given rise to no recent research far this period. 606 $aArchaeology 606 $aanthropologie 606 $aparure 606 $ainhumation 606 $avallée de la Saône 606 $asépulture 606 $aincinération 606 $aHallstatt 606 $aLa Tène 606 $areste humain 606 $achronologie de l?âge du Fer 606 $apaléodémographie 610 $aanthropologie 610 $aparure 610 $ainhumation 610 $avallée de la Saône 610 $asépulture 610 $aincinération 610 $aHallstatt 610 $aLa Tène 610 $areste humain 610 $achronologie de l?âge du Fer 610 $apaléodémographie 615 4$aArchaeology 615 4$aanthropologie 615 4$aparure 615 4$ainhumation 615 4$avallée de la Saône 615 4$asépulture 615 4$aincinération 615 4$aHallstatt 615 4$aLa Tène 615 4$areste humain 615 4$achronologie de l?âge du Fer 615 4$apaléodémographie 700 $aBichet$b Vincent$01307194 701 $aChaix$b Louis$069845 701 $aCourtaud$b Patrice$01326625 701 $aDuday$b Henri$0174024 701 $aÉluère$b Christiane$0592991 701 $aGanard$b Véronique$01327362 701 $aMillotte$b Jacques?Pierre$01349761 701 $aPiningre$b Jean?François$01349762 701 $aPuybaret$b Marie?Pierre$01349763 701 $aRichard$b Hervé$01307203 701 $aSellier$b Pascal$01305763 701 $aStaniaszek$b Luc$01349764 701 $aPiningre$b Jean-François$01286459 801 0$bFR-FrMaCLE 906 $aBOOK 912 $a9910629396703321 996 $aNécropoles et société au premier âge du Fer$93087578 997 $aUNINA LEADER 02227nam 2200601 450 001 9910788730903321 005 20180613001259.0 010 $a1-4704-0177-0 035 $a(CKB)3360000000464776 035 $a(EBL)3113954 035 $a(SSID)ssj0000888768 035 $a(PQKBManifestationID)11480041 035 $a(PQKBTitleCode)TC0000888768 035 $a(PQKBWorkID)10865649 035 $a(PQKB)10080985 035 $a(MiAaPQ)EBC3113954 035 $a(RPAM)4471572 035 $a(PPN)195414748 035 $a(EXLCZ)993360000000464776 100 $a20140909h19961996 uy 0 101 0 $aeng 135 $aur|n|---||||| 181 $ctxt 182 $cc 183 $acr 200 10$aAnalytic deformations of the spectrum of a family of Dirac operators on an odd-dimensional manifold with boundary /$fP. Kirk, E. Klassen 210 1$aProvidence, Rhode Island :$cAmerican Mathematical Society,$d1996. 210 4$d©1996 215 $a1 online resource (73 p.) 225 1 $aMemoirs of the American Mathematical Society,$x0065-9266 ;$vNumber 592 300 $a"November 1996, Volume 124, Number 592 (third of 5 numbers)." 311 $a0-8218-0538-X 320 $aIncludes bibliographical references. 327 $a""Chapter 7. Time derivatives of extended L[sup(2)] and APS eigenvalues""""7.1. Deformations of APS and extended L[sup(2)] eigenvalues coincide""; ""7.2. Proof of Theorem 7.1""; ""Bibliography"" 410 0$aMemoirs of the American Mathematical Society ;$vNumber 592. 606 $aDifferential equations, Elliptic 606 $aComplex manifolds 606 $aDirac equation 606 $aSpectral theory (Mathematics) 615 0$aDifferential equations, Elliptic. 615 0$aComplex manifolds. 615 0$aDirac equation. 615 0$aSpectral theory (Mathematics) 676 $a515/.353 700 $aKirk$b P$g(Paul),$01580662 702 $aKlassen$b E$g(Eric),$f1958- 801 0$bMiAaPQ 801 1$bMiAaPQ 801 2$bMiAaPQ 906 $aBOOK 912 $a9910788730903321 996 $aAnalytic deformations of the spectrum of a family of Dirac operators on an odd-dimensional manifold with boundary$93861750 997 $aUNINA